000 00352nam a22001217a 4500
999 _c13540
_d13540
082 _a297.009
_bع ل ی
100 _aمحمّد علی چراغ
245 _aحضرت عثمان غنی
260 _aلاہور
_bنزیر سنز پبلشرز
_c٢٠٠٥
300 _a١٤٤ صفحات
650 _aHazrat Usman Ghani, Islam, Khalifa
942 _cBK